| 000 | 00625cam a22002171 4500 | ||
|---|---|---|---|
| 001 | ne 63000776 | ||
| 003 | DLC | ||
| 005 | 20260227111744.0 | ||
| 008 | 900828q19601963ua 000 1 ararc | ||
| 010 | _ane 63000776 | ||
| 025 | _aPL480:UAR-1988 | ||
| 035 | _a(OCoLC)22288280 | ||
| 040 |
_aPrinceton Univ. Libr. _cWaU _dDLC |
||
| 042 | _apremarc | ||
| 050 | 0 | 0 |
_aPJ7862.I38 _bI2 |
| 100 | 1 | _aṢidqī, Jādhibīyah. | |
| 245 | 1 | 0 |
_aIbn al-Nīl, _ctaʼlīf Jādhibīyah Ṣidqī. |
| 260 |
_a[al-Qāhirah, _bal-Dār al-Qawmīyah lil-Ṭibāʻah wa-al-Nahr, _c196-] |
||
| 300 |
_a79 p. _c24 cm. |
||
| 490 | 0 | _aKitāb al-māsī | |
| 999 |
_c45781 _d45781 |
||